Survey indicates rise in construction activity (Record no. 73589)

MARC details
000 -LEADER
fixed length control field 00925cam a2200217 4500
001 - CONTROL NUMBER
control field WB3939-03
008 - FIXED-LENGTH DATA ELEMENTS--GENERAL INFORMATION
fixed length control field 031014n2003 000 0 eng u
035 ## - SYSTEM CONTROL NUMBER
System control number (Sirsi) u123917
245 ## - TITLE STATEMENT
Title Survey indicates rise in construction activity
260 ## - PUBLICATION, DISTRIBUTION, ETC.
Date of publication, distribution, etc. 2003
490 ## - SERIES STATEMENT
Series statement Building
Volume/sequential designation 268(8303) 10 October 2003, 20(1)
490 ## - SERIES STATEMENT
Series statement CIPS News Release
Volume/sequential designation 2 October 2003 (3)
520 ## - SUMMARY, ETC.
Summary, etc. A survey by the Chartered Institute of Purchasing and Supply and NTC Research shows that the construction sector has risen to its strongest rate for more than two years. Chartered Institute of Purchasing and Supply, http://www.cips.org/. http://www.cips.org/downloads/News%20and%20events/Monthly%20reports/oct_con.pdf
590 ## - LOCAL NOTE (RLIN)
Local note WB
650 ## - SUBJECT ADDED ENTRY--TOPICAL TERM
Topical term or geographic name entry element CONSTRUCTION INDUSTRY
650 ## - SUBJECT ADDED ENTRY--TOPICAL TERM
Topical term or geographic name entry element ECONOMIC INDICATORS
650 ## - SUBJECT ADDED ENTRY--TOPICAL TERM
Topical term or geographic name entry element CIPS PURCHASING MANAGERS' INDEX
650 ## - SUBJECT ADDED ENTRY--TOPICAL TERM
Topical term or geographic name entry element HOUSE BUILDING MARKET
690 ## - LOCAL SUBJECT ADDED ENTRY--TOPICAL TERM (OCLC, RLIN)
Topical term or geographic name as entry element BUILT ENVIRONMENT
942 ## - ADDED ENTRY ELEMENTS (KOHA)
Suppress in OPAC 0
Holdings
Withdrawn status Lost status Source of classification or shelving scheme Damaged status Not for loan Home library Current library Shelving location Date acquired Total Checkouts Full call number Barcode Date last seen Copy number Price effective from Koha item type
    Dewey Decimal Classification     London London News article 14/10/2003   WB3939-03 123917-1001 06/08/2019 1 06/08/2019 News article